Годичный отчет Совета Общества для попечения о детях лиц, сосланных по судебным приговорам в Сибирь... (Запись № 3638767)

Подробности
000 -МАРКЕР
контрольное поле 01356nam1a22002411i 4500
001 - ИДЕНТИФИКАТОР ЗАПИСИ
контрольное поле v19\rc\1219678
005 - ИДЕНТИФИКАТОР ВЕРСИИ
контрольное поле 20260406223650.0
035 ## - ДРУГИЕ СИСТЕМНЫЕ НОМЕРА
Идентификатор записи (NLR Aleph) 004382003
100 ## - ДАННЫЕ ОБЩЕЙ ОБРАБОТКИ
Данные общей обработки 20060306d1873 |||y0rusy50 ca
101 0# - ЯЗЫК РЕСУРСА
Язык текста, звукозаписи и т.д. русский
102 ## - СТРАНА ПУБЛИКАЦИИ ИЛИ ПРОИЗВОДСТВА
Страна публикации Российская Федерация
105 ## - ПОЛЕ КОДИРОВАННЫХ ДАННЫХ: ТЕКСТОВЫЕ МАТЕРИАЛЫ, МОНОГРАФИЧЕСКИЕ
Кодированные данные о монографическом текстовом документе z |||||
200 1# - ЗАГЛАВИЕ И СВЕДЕНИЯ ОБ ОТВЕТСТВЕННОСТИ
Основное заглавие Годичный отчет Совета Общества для попечения о детях лиц, сосланных по судебным приговорам в Сибирь...
210 ## - ПУБЛИКАЦИЯ, РАСПРОСТРАНЕНИЕ И ДР.
Место издания, распространения и т.д. [Москва]
Дата издания, распространения и т.д. ценз. 1873
215 ## - ФИЗИЧЕСКАЯ ХАРАКТЕРИСТИКА
Размеры 14-27
300 ## - ОБЩИЕ ПРИМЕЧАНИЯ
Текст примечания В отчете за 1872 г. загл. отсутствует, загл. за 1884, 1886-1915 г.г.: "Годичный отчет Общества для попечения..."; в отчетах за ряд лет загл. незначительно изменено
517 0# - ДРУГИЕ ВАРИАНТЫ ЗАГЛАВИЯ
Вариант заглавия Годичный отчет Общества для попечения о детях лиц, сосланных по судебным приговорам в Сибирь
710 02 - НАИМЕНОВАНИЕ ОРГАНИЗАЦИИ - ПЕРВИЧНАЯ ОТВЕТСТВЕННОСТЬ
Начальный элемент ввода Общество попечения о детях лиц, ссылаемых по судебным приговорам в Сибири
Идентифицирующий признак Москва
Системный номер авторитетной/нормативной записи 454554
Идентификатор авторитетной/нормативной записи RU\NLR\AUTH\889979077
801 #0 - ИСТОЧНИК ЗАПИСИ
Страна Российская Федерация
Организация NLR
Правила каталогизации psbo
801 #1 - ИСТОЧНИК ЗАПИСИ
Страна Российская Федерация
Организация ProSoft-M
Источник данных rusmarc
852 ## - МЕСТОНАХОЖДЕНИЕ И ШИФР ХРАНЕНИЯ
Идентификатор организации NLR
Шифр хранения (Call Number) Шифры разные
942 ## - ДОПОЛНИТЕЛЬНЫЕ ЭЛЕМЕНТЫ ЗАПИСИ (АБИС)
Тип экземпляра АБИС Книга

Нет доступных экземпляров.